| Tag |
First Indicator |
Second Indicator |
Subfields |
| LEADER |
00000cam a22000008a 4500 |
| 001 |
in00000031381 |
| 005 |
20151007060416.0 |
| 008 |
870702s1987 nyu r 00100 eng |
| 010 |
|
|
|a 87018711
|
| 020 |
|
|
|a 0915400588 :
|c $16.95
|
| 020 |
|
|
|a 0915400596 (pbk.) :
|c $9.95
|
| 035 |
|
|
|a (OCoLC)16276575
|
| 035 |
|
|
|9 AAC0780AM
|
| 040 |
|
|
|a DLC
|c DLC
|d TXA
|d UtOrBLW
|
| 043 |
|
|
|a n-us---
|
| 049 |
|
|
|a TXAM
|c [A11680404]
|
| 050 |
0 |
0 |
|a NX398
|b .M66 1987
|
| 082 |
0 |
|
|a 700/.79
|2 19
|
| 245 |
0 |
0 |
|a Money for artists :
|b a guide to grants and awards for individual artists /
|c edited by Laura R. Green.
|
| 263 |
|
|
|a 8708
|
| 264 |
|
1 |
|a New York, NY :
|b ACA Books,
|c [1987]
|
| 264 |
|
4 |
|c ©1987
|
| 300 |
|
|
|a x, 241 pages
|
| 336 |
|
|
|a text
|b txt
|2 rdacontent
|
| 337 |
|
|
|a unmediated
|b n
|2 rdamedia
|
| 338 |
|
|
|a volume
|b nc
|2 rdacarrier
|
| 500 |
|
|
|a "This publication is a joint project of the American Council for the Arts and the Center for Arts Information."
|
| 500 |
|
|
|a Includes indexes.
|
| 650 |
|
0 |
|a Arts
|x Scholarships, fellowships, etc.
|z United States
|x Directories.
|
| 700 |
1 |
|
|a Green, Laura R.
|
| 710 |
2 |
|
|a American Council for the Arts.
|
| 710 |
2 |
|
|a Center for Arts Information.
|
| 999 |
|
|
|a MARS
|
| 999 |
f |
f |
|s 575042f2-6059-349d-9262-1e7372854210
|i 5bd32b6c-fe15-3e28-b4f2-b356f8727ef2
|t 0
|
| 952 |
f |
f |
|p ric
|a Texas A&M University
|b Rellis Campus
|c Joint Library Facility
|d Remote Storage
|t 0
|e NX398 .M66 1987
|h Library of Congress classification
|i unmediated -- volume
|m A14811680404
|
| 998 |
f |
f |
|a NX398 .M66 1987
|t 0
|l Remote Storage
|